书目信息 |
| 题名: |
好习惯奠定好运道
|
|
| 作者: | 梁旭 编著 | |
| 分册: | ||
| 出版信息: | 北京 地震出版社 2006.11 |
|
| 页数: | 226页 | |
| 开本: | 23cm | |
| 丛书名: | ||
| 单 册: | ||
| 中图分类: | B842.6 | |
| 科图分类: | ||
| 主题词: | 习惯--xi guan--通俗读物 | |
| 电子资源: | ||
| ISBN: | 7-5028-2971-7 | |
| 000 | 00810nam0 2200241 450 | |
| 001 | 012008838908 | |
| 005 | 20080602090817.93 | |
| 010 | @a7-5028-2971-7@dCNY27.00 | |
| 100 | @a20080602d2006 em y0chiy0120 ea | |
| 101 | 0 | @achi |
| 102 | @aCN@b110000 | |
| 105 | @ay z 000yy | |
| 106 | @ar | |
| 200 | 1 | @a好习惯奠定好运道@Ahao xi guan dian ding hao yun dao@d= Good habits make great future@f梁旭编著@Fliang xu bian zhu@zeng |
| 210 | @a北京@c地震出版社@d2006.11 | |
| 215 | @a226页@d23cm | |
| 330 | @a本书介绍了健康、成功、工作、理财和情感生活等方面的多个好习惯,让你成为一个真正的成功者。 | |
| 510 | 1 | @aGood habits make great future@zeng |
| 606 | 0 | @a习惯@Axi guan@j通俗读物 |
| 690 | @aB842.6@v4 | |
| 701 | 0 | @a梁旭@Aliang xu@4编著 |
| 801 | 0 | @aCN@bQSSK@c20080602 |
| 905 | @b722711-13@dB842.6@eL419@f3 | |
| 好习惯奠定好运道= Good habits make great future/梁旭编著.-北京:地震出版社,2006.11 |
| 226页;23cm |
| ISBN 7-5028-2971-7:CNY27.00 |
| 本书介绍了健康、成功、工作、理财和情感生活等方面的多个好习惯,让你成为一个真正的成功者。 |
| ● |
| 相关链接 |
|
|
|
正题名:好习惯奠定好运道
索取号:B842.6/L419
 
预约/预借
| 序号 | 登录号 | 条形码 | 馆藏地/架位号 | 状态 | 备注 |
| 1 | 722711 | 207227115 | 社科库509/509社科库 36排4列3层/ [索取号:B842.6/L419] | 在馆 | |
| 2 | 722712 | 207227124 | 社科库509/509社科库 36排4列3层/ [索取号:B842.6/L419] | 在馆 | |
| 3 | 722713 | 207227133 | 社科库509/509社科库 36排4列3层/ [索取号:B842.6/L419] | 在馆 |